Aufbau von Pantopoda - Statistiken

Allgemein
  • Dieses Quiz wurde 28 mal gespielt
  • Das Durchschnittsergebnis liegt bei 2 aus 5
Antwortstatistiken
Bildquiz Antwort % Korrekt
1. Chelicere
100%
2. Rüssel (Proboscis)
25%
4. Eierträger (Oviger)
25%
5. Laufbeinpaar
25%
3. Pedipalpus
0%
Keine übereinstimmenden Quizze gefunden
Verteilung der Resultate
Anzahl Personen mit jedem Resultat
Perzentil nach korrekt beantworteten Fragen
Ihre Resultats-Entwicklung
Sie haben dieses Quiz noch nicht gespielt